00550nam a2200169Ia 4500008004100000020001500041041001200056082001600068100001700084245004400101260002900145300000800174650001600182942000700198999001100205952016400216221030s9999 xx 000 0 und d a8170296854 aEnglish a105.23bTau aD. A. Tauber 4aThe Complete Linux Kitcby D. A. Tauber bBPB PubaNew Delhic1996 a419 aBE Computer cBK c10d10 pBE 1032g450.00l0o105.23 Taur2024-06-13 00:00:00w2022-10-30yBK003Print40718RaMIETLIBbMIETLIBcBL-Second, FL-1, CUP-22, SH-1, R-1d2000-02-1010HBE